[Event "SR 3. liga A2 2015/2016"]
[Site "?"]
[Date "2016.03.06"]
[Round "9.3"]
[White "Kolenak, Matus"]
[Black "Bincik, Pavol"]
[Result "0-1"]
[WhiteElo "1995"]
[BlackElo "1933"]
[PlyCount "77"]
[EventDate "2016.??.??"]

1. e4 c6 2. d4 d5 3. exd5 cxd5 4. Nf3 Nf6 5. Bd3 Nc6 6. O-O Bg4 7. c3 e6 8. Bg5
Be7 9. Nbd2 O-O 10. Re1 Rb8 11. a4 a6 12. b4 Qc7 13. Rc1 Rfc8 14. h3 Bh5 15.
Qb3 Bg6 16. Bf1 Ne4 17. Bxe7 Nxd2 18. Nxd2 Nxe7 19. Qd1 a5 20. Nb3 Nc6 21. b5
Ne7 22. Nc5 Qd6 23. h4 h6 24. h5 Bh7 25. Qg4 b6 26. Na6 Ra8 27. c4 dxc4 28.
Rxc4 Rxc4 29. Bxc4 Bf5 30. Qf3 Rc8 31. Qc3 Nd5 32. Qb3 Nf4 33. Rd1 Nxh5 34. d5
e5 35. Qf3 Qg6 36. Be2 Nf4 37. Bf1 Bg4 38. Qb3 Bxd1 39. Qxd1 0-1

[Event "SR 3. liga A2 2015/2016"]
[Site "?"]
[Date "2016.03.06"]
[Round "9.3"]
[White "Manak, Jozef"]
[Black "Bukovsky, Milan"]
[Result "1-0"]
[WhiteElo "1976"]
[BlackElo "1974"]
[PlyCount "85"]
[EventDate "2016.??.??"]

1. d4 Nf6 2. Bf4 e6 3. e3 c5 4. Nd2 Nc6 5. c3 d5 6. Ngf3 Bd6 7. Ne5 cxd4 8.
exd4 Qc7 9. Bb5 O-O 10. Qe2 Bd7 11. Bd3 Ne7 12. Bg5 Ng6 13. Ndf3 Ne8 14. Nxg6
hxg6 15. h4 Nf6 16. Ne5 Bxe5 17. dxe5 Ne4 18. Bxe4 dxe4 19. Be7 Bb5 20. Qxb5
Qxe7 21. O-O-O Rfd8 22. g3 Rac8 23. Qe2 Rd5 24. Qxe4 Qc5 25. f4 b5 26. Kb1 Rcd8
27. Rxd5 Rxd5 28. Qe2 Qc4 29. Qxc4 bxc4 30. Kc2 Rd3 31. Rg1 Kf8 32. b3 Ke7 33.
bxc4 Rd7 34. Rd1 Rc7 35. Kb3 Rb7+ 36. Ka4 Rc7 37. Rd4 Ke8 38. Kb5 Ke7 39. c5
Rb7+ 40. Kc4 Rc7 41. Rd6 Ke8 42. c6 Rc8 43. Kc5 1-0

[Event "SR 3. liga A2 2015/2016"]
[Site "?"]
[Date "2016.03.06"]
[Round "9.3"]
[White "Doucha, Ludvik"]
[Black "Mihalik, Anton"]
[Result "0-1"]
[WhiteElo "1966"]
[BlackElo "1935"]
[PlyCount "92"]
[EventDate "2016.??.??"]

1. d4 d5 2. Nf3 Nf6 3. e3 e6 4. Bd3 Be7 5. Nbd2 Nbd7 6. O-O O-O 7. b3 c5 8. Bb2
b6 9. Ne5 Bb7 10. Qf3 Rc8 11. Rad1 Qc7 12. Nxd7 Qxd7 13. dxc5 bxc5 14. Qg3 g6
15. Nf3 Nh5 16. Qh3 Bf6 17. Ne5 Qe7 18. c4 Rfd8 19. g4 Ng7 20. f4 Ne8 21. g5
Bg7 22. Qg3 Nd6 23. h4 dxc4 24. bxc4 Nf5 25. Qh3 Rd6 26. e4 Nd4 27. h5 Bxe5 28.
hxg6 fxg6 29. fxe5 Qxg5+ 30. Kh1 Qxe5 31. Rde1 Qg7 32. Bc1 h5 33. Kh2 Rf8 34.
Bf4 e5 35. Bg5 Ne6 36. Bc1 Bc8 37. Qg3 Nf4 38. Bc2 Rdf6 39. Bb2 R6f7 40. Qg5
Ne6 41. Rxf7 Qxf7 42. Qg2 Qf4+ 43. Kg1 Ng5 44. Bd1 Bh3 45. Qe2 Qg3+ 46. Kh1 Rf2
0-1

[Event "SR 3. liga A2 2015/2016"]
[Site "?"]
[Date "2016.03.06"]
[Round "9.3"]
[White "Curidlo, Jan"]
[Black "Mosny, Jaroslav"]
[Result "0-1"]
[WhiteElo "1889"]
[BlackElo "1932"]
[PlyCount "118"]
[EventDate "2016.??.??"]

1. e4 e5 2. Nf3 d6 3. d4 exd4 4. Nxd4 g6 5. Be3 Bg7 6. c3 Nf6 7. f3 O-O 8. Be2
Re8 9. Bg5 c6 10. Qd2 d5 11. exd5 Qxd5 12. O-O Nbd7 13. Re1 Nc5 14. Bh6 Bf5 15.
c4 Qd7 16. Nxf5 Qxf5 17. Nc3 Rad8 18. Qg5 Qxg5 19. Bxg5 h6 20. Bh4 b6 21. Rac1
Rd2 22. Rb1 Nh5 23. Bf1 Rxe1 24. Bxe1 Bxc3 25. bxc3 Rxa2 26. g3 Kf8 27. Rd1 Ke7
28. Bf2 Ng7 29. g4 Nge6 30. Bg3 g5 31. h4 Nf4 32. Bxf4 gxf4 33. Rd4 Ne6 34. Re4
Ra5 35. Re2 Kf6 36. Kf2 Ra3 37. Rc2 Nc5 38. Be2 Ne6 39. Bd3 Nc5 40. Bf5 Ra1 41.
Rd2 Rc1 42. Bc2 Rh1 43. Kg2 Re1 44. Kf2 Re3 45. Rd6+ Kg7 46. Rxc6 Rxc3 47. Bf5
Rxc4 48. Rd6 Rb4 49. g5 hxg5 50. hxg5 Rb2+ 51. Kg1 a5 52. Rh6 a4 53. Rh7+ Kg8
54. g6 fxg6 55. Bxg6 Rd2 56. Rf7 Rd6 57. Bh5 Rd5 58. Rxf4 Rxh5 59. Rb4 Rh6 0-1

[Event "SR 3. liga A2 2015/2016"]
[Site "?"]
[Date "2016.03.06"]
[Round "9.3"]
[White "Bahna, Jan"]
[Black "Slaby, Jozef"]
[Result "1-0"]
[WhiteElo "1871"]
[BlackElo "1788"]
[PlyCount "125"]
[EventDate "2016.??.??"]

1. e4 c6 2. d4 d5 3. Nd2 dxe4 4. Nxe4 Bf5 5. Ng3 Bg6 6. Nf3 Nd7 7. c3 Ngf6 8.
Bd3 Bxd3 9. Qxd3 e6 10. O-O Be7 11. Re1 O-O 12. Be3 Qc7 13. Rad1 Rad8 14. Bc1
c5 15. Nf5 Bd6 16. Nxd6 Qxd6 17. Bg5 h6 18. Be3 Qc7 19. Qc4 Ng4 20. Bc1 Ngf6
21. b4 b6 22. dxc5 bxc5 23. Bf4 Qc6 24. Bd6 Rfe8 25. b5 Qb7 26. a4 Nb6 27. Qb3
c4 28. Qa3 Rd7 29. Ne5 Rdd8 30. Nc6 Ra8 31. a5 Nbd5 32. Nd4 Qd7 33. Bg3 Qb7 34.
Rb1 Qd7 35. Nc6 Rec8 36. Be5 Ng4 37. Bd4 Re8 38. h3 Ngf6 39. Qc5 Rac8 40. Qxa7
Qd6 41. a6 Qa3 42. Ra1 Qb2 43. Reb1 Qc2 44. Rc1 Qe4 45. Bxf6 gxf6 46. Qd4 Qg6
47. Qxc4 Kh8 48. Qg4 Qd3 49. Qh4 Kh7 50. c4 Nc3 51. Re1 Ne2+ 52. Kh1 Nc3 53.
Re3 Qd2 54. Qxf6 Nd1 55. Rf3 Rf8 56. Qd4 Qxd4 57. Nxd4 Nb2 58. Rc3 Rxc4 59.
Rxc4 Nxc4 60. a7 Ra8 61. Nc6 Nd6 62. b6 Kg6 63. Rd1 1-0

[Event "SR 3. liga A2 2015/2016"]
[Site "?"]
[Date "2016.03.06"]
[Round "9.3"]
[White "Slaba, Andrea"]
[Black "Krist, Milan"]
[Result "1/2-1/2"]
[WhiteElo "1747"]
[BlackElo "1872"]
[PlyCount "58"]
[EventDate "2016.??.??"]

1. Nf3 d5 2. c4 e6 3. d4 Nf6 4. e3 Be7 5. Bd3 dxc4 6. Bxc4 O-O 7. O-O b6 8. Nc3
Bb7 9. Qe2 Qc8 10. e4 Rd8 11. Bg5 h6 12. Bh4 Kf8 13. Rad1 c6 14. Ne5 b5 15. Bb3
Ba6 16. Nb1 Nbd7 17. Nxd7+ Rxd7 18. Qe3 Qc7 19. Bg3 Qb6 20. Rd2 Rad8 21. Rfd1
Bb7 22. Nc3 Bb4 23. Bh4 Be7 24. e5 Nd5 25. Nxd5 cxd5 26. Bxe7+ Rxe7 27. Rc1 Rc7
28. Rxc7 Qxc7 29. Rc2 Qd7 1/2-1/2

[Event "SR 3. liga A2 2015/2016"]
[Site "?"]
[Date "2016.03.06"]
[Round "9.4"]
[White "Blaho, Stefan"]
[Black "Miciak, Emanuel"]
[Result "1-0"]
[WhiteElo "2003"]
[BlackElo "1848"]
[PlyCount "63"]
[EventDate "2016.??.??"]

1. d4 Nf6 2. Nf3 g6 3. Bf4 Bg7 4. e3 d6 5. h3 O-O 6. Be2 c5 7. c3 Qb6 8. Qb3
Qxb3 9. axb3 Be6 10. Nbd2 Bd5 11. O-O Ne4 12. Nc4 Nd7 13. Rfd1 cxd4 14. exd4 b6
15. Ra3 a6 16. Rda1 Bb7 17. b4 f6 18. Ncd2 Nxd2 19. Nxd2 e5 20. Be3 b5 21. dxe5
fxe5 22. Nb3 d5 23. Bg4 Rf5 24. Bxf5 gxf5 25. Na5 Bc8 26. Rd1 f4 27. Bc5 Nxc5
28. bxc5 Be6 29. Nc6 Kf7 30. Re1 e4 31. Nd4 Bd7 32. Rea1 1-0

[Event "SR 3. liga A2 2015/2016"]
[Site "?"]
[Date "2016.03.06"]
[Round "9.4"]
[White "Podjavorinsky, Michal"]
[Black "Rachela, Jozef"]
[Result "1/2-1/2"]
[WhiteElo "1975"]
[BlackElo "2023"]
[PlyCount "70"]
[EventDate "2016.??.??"]

1. e4 e5 2. Nf3 Nc6 3. Bb5 a6 4. Ba4 Nf6 5. O-O Be7 6. Re1 b5 7. Bb3 d6 8. h3
Na5 9. d4 Nxb3 10. axb3 Nd7 11. Nc3 Bb7 12. Nd5 O-O 13. dxe5 dxe5 14. Bd2 Re8
15. Nxe7+ Qxe7 16. Qe2 Qd6 17. Bc3 f6 18. Nh2 Nc5 19. f3 Qe7 20. Red1 Ne6 21.
Rd2 Red8 22. Rad1 Rxd2 23. Qxd2 Bc6 24. Qe1 Rd8 25. Rxd8+ Nxd8 26. Qd1 Qd7 27.
Qxd7 Bxd7 28. Nf1 Ne6 29. Kf2 Kf7 30. Ng3 g6 31. b4 Ke7 32. Ne2 Kd6 33. Ke3 c5
34. f4 c4 35. g3 Nd8 1/2-1/2

[Event "SR 3. liga A2 2015/2016"]
[Site "?"]
[Date "2016.03.06"]
[Round "9.4"]
[White "Merva, Frantisek"]
[Black "Bjel, Jan"]
[Result "1-0"]
[WhiteElo "2080"]
[BlackElo "1820"]
[PlyCount "155"]
[EventDate "2016.??.??"]

1. d4 Nf6 2. c4 e6 3. Nc3 d5 4. cxd5 exd5 5. Bg5 Be7 6. e3 O-O 7. Qc2 Bg4 8.
Bd3 h6 9. Bxf6 Bxf6 10. Qb3 b6 11. Qxd5 Qxd5 12. Nxd5 Bd8 13. Nc3 Nd7 14. Be4
Rb8 15. f3 Bh5 16. Bc6 Nf6 17. Nge2 Bg6 18. e4 Ne8 19. O-O f6 20. Rac1 Nd6 21.
Nb5 Nxb5 22. Bxb5 c5 23. Rfd1 Be7 24. Nf4 Bf7 25. d5 Bd6 26. Ne6 Bxe6 27. dxe6
Rfd8 28. Rd5 Be7 29. Rcd1 Rxd5 30. exd5 Bd6 31. a3 Kf8 32. g3 Ke7 33. Kg2 Rd8
34. f4 g6 35. Kf3 Rg8 36. a4 Ra8 37. Bd3 Rg8 38. g4 g5 39. fxg5 hxg5 {0} 40. h3
{7} Rh8 41. Rh1 Be5 42. b3 Bc7 43. Ke4 Bd6 44. Kf5 Rh6 45. Ba6 Bc7 46. Bf1 Bd6
47. Bg2 Bc7 48. Ke4 Rh8 49. Kd3 Kd6 50. Kc4 Bd8 51. Kb5 a5 52. Ka6 Rh7 53. Be4
Rh6 54. Kb7 Rh4 55. Bf5 Rh8 56. Bg6 Rg8 57. Bh5 Rh8 58. Bf7 Rh7 59. Ka6 Rh8 60.
Kb5 Rh7 61. Bg6 Rh8 62. Be4 Rh6 63. Bg2 Rh8 64. Rc1 Rh7 65. Rc3 Re7 66. Be4 Ke5
67. Bf5 Kd6 68. h4 gxh4 69. Rh3 Re8 70. Rxh4 Kxd5 71. Rh1 Kd6 72. Rd1+ Kc7 73.
Rd7+ Kb8 74. Kc6 Be7 75. Rxe7 Rxe7 76. Kd6 Rg7 77. e7 Rg8 78. Bg6 1-0

[Event "SR 3. liga A2 2015/2016"]
[Site "?"]
[Date "2016.03.06"]
[Round "9.4"]
[White "Tomasovic, Martin"]
[Black "Kalmar, Tamas"]
[Result "0-1"]
[WhiteElo "1657"]
[BlackElo "2044"]
[PlyCount "54"]
[EventDate "2016.??.??"]

1. e4 c6 2. Nf3 d5 3. exd5 cxd5 4. Bb5+ Nc6 5. d4 Nf6 6. Nc3 Bg4 7. O-O e6 8.
a3 Bd6 9. Bxc6+ bxc6 10. h3 Bh5 11. Qd3 Bg6 12. Qa6 Qc8 13. Qa4 Nd7 14. Re1 Nb6
15. Qb3 Rb8 16. Re2 O-O 17. Bg5 Nc4 18. Qa4 Nxb2 19. Qxa7 Rb7 20. Qa6 Qc7 21.
Ree1 Nc4 22. Ne5 Bxe5 23. dxe5 Ra7 24. Nb5 cxb5 25. Qxb5 Rb8 26. Qxb8+ Qxb8 27.
Rab1 Rb7 0-1

[Event "SR 3. liga A2 2015/2016"]
[Site "?"]
[Date "2016.03.06"]
[Round "9.4"]
[White "Matis, Daniel"]
[Black "Smrek, Peter"]
[Result "0-1"]
[WhiteElo "1602"]
[BlackElo "1814"]
[PlyCount "52"]
[EventDate "2016.??.??"]

1. e4 e5 2. Nf3 Nf6 3. Nc3 Nc6 4. Bc4 Bc5 5. d3 h6 6. O-O d6 7. h3 Be6 8. Bxe6
fxe6 9. a3 O-O 10. Re1 Ne7 11. Be3 Bb6 12. Bxb6 axb6 13. Nh2 Ng6 14. Re3 c6 15.
Rg3 Qe8 16. d4 Rd8 17. d5 exd5 18. exd5 Qf7 19. a4 Nxd5 20. Nxd5 Qxf2+ 21. Kh1
Qxg3 22. Nxb6 Rf2 23. Qg1 Nf4 24. Nf1 Qh4 25. Nh2 Rxg2 26. Qf1 Qxh3 0-1

[Event "SR 3. liga A2 2015/2016"]
[Site "?"]
[Date "2016.03.06"]
[Round "9.4"]
[White "Bugar, Peter"]
[Black "Krchnak, Rudolf"]
[Result "1-0"]
[WhiteElo "1760"]
[BlackElo "1751"]
[PlyCount "53"]
[EventDate "2016.??.??"]

1. d4 Nf6 2. c4 c5 3. d5 e6 4. Nc3 exd5 5. cxd5 d6 6. e4 g6 7. Bf4 Nh5 8. Bd2
Bg7 9. g4 Nf6 10. g5 Nfd7 11. f4 O-O 12. Qf3 f5 13. O-O-O fxe4 14. Nxe4 Ne5 15.
Qg3 Nf7 16. Bd3 Nd7 17. h4 b5 18. h5 c4 19. Bb1 Nc5 20. Nxc5 dxc5 21. hxg6 Qxd5
22. gxf7+ Rxf7 23. Bxh7+ Kf8 24. Qf3 Bb7 25. Qxd5 Bxd5 26. Rh2 b4 27. Be3 1-0

[Event "SR 3. liga A2 2015/2016"]
[Site "?"]
[Date "2016.03.06"]
[Round "9.4"]
[White "Podjavorinsky, Peter"]
[Black "Mezes, Kristof"]
[Result "1/2-1/2"]
[WhiteElo "1690"]
[BlackElo "1451"]
[PlyCount "119"]
[EventDate "2016.??.??"]

1. e4 e6 2. d4 d5 3. exd5 exd5 4. Nf3 Nf6 5. Bd3 Bd6 6. h3 Be6 7. O-O Nbd7 8.
Re1 O-O 9. Bg5 h6 10. Bh4 Re8 11. Nc3 c6 12. Ne5 Qb6 13. Na4 Qa5 14. c3 Rac8
15. b4 Qc7 16. f4 Ne4 17. g4 b5 18. f5 Bxf5 19. gxf5 bxa4 20. Bxe4 dxe4 21. Qg4
Bxe5 22. dxe5 Qxe5 23. Re3 Kh8 24. Rae1 Nf6 25. Bxf6 Qxf6 26. a3 Re5 27. Rxe4
Rxf5 28. Qg3 Rg5 29. Rg4 c5 30. Rf1 Rxg4 31. Qxg4 Qe6 32. Rxf7 Qxg4+ 33. hxg4
cxb4 34. cxb4 Rc3 35. Rxa7 Rxa3 36. Kf2 Ra2+ 37. Ke3 a3 38. b5 Rb2 39. Rxa3
Rxb5 40. Kf3 h5 41. gxh5 Rxh5 42. Kg4 g6 43. Ra7 Rh7 44. Rxh7+ Kxh7 45. Kg5 Kg7
46. Kg4 Kf6 47. Kf4 g5+ 48. Kg4 Kg6 49. Kg3 Kh5 50. Kh3 g4+ 51. Kg3 Kg5 52. Kg2
Kf6 53. Kg3 Kf5 54. Kg2 Kf4 55. Kf2 Kf5 56. Kg3 Kg5 57. Kg2 Kf4 58. Kf2 g3+ 59.
Kg2 Kg4 60. Kg1 1/2-1/2

[Event "SR 3. liga A2 2015/2016"]
[Site "?"]
[Date "2016.03.06"]
[Round "9.5"]
[White "Jozefek, Michal"]
[Black "Liptak, Tomas"]
[Result "1/2-1/2"]
[WhiteElo "2176"]
[BlackElo "2242"]
[PlyCount "95"]
[EventDate "2016.??.??"]

1. d4 Nf6 2. c4 g6 3. Nc3 Bg7 4. e4 d6 5. Be2 O-O 6. Bg5 h6 7. Be3 e5 8. d5 a5
9. g4 Qd7 10. f3 Kh7 11. h4 Na6 12. Nh3 Qe7 13. Qd2 Nd7 14. h5 g5 15. b3 Ndc5
16. Rb1 Bd7 17. Nf2 Rfc8 18. Bd1 Bf8 19. a3 b6 20. b4 Nb7 21. O-O Qd8 22. Nd3
Ra7 23. Bc2 Rca8 24. Rfc1 Rc8 25. Rb2 f6 26. Ne1 Be7 27. Bd3 Nb8 28. Qf2 Ra8
29. Bf1 Kg7 30. Nb5 Na6 31. Bd3 Kf7 32. Nc2 Qe8 33. Qe2 axb4 34. axb4 Bxb5 35.
cxb5 Nb8 36. Na1 Nd7 37. Qc2 Bd8 38. Nb3 Ra7 39. Ra2 Rca8 40. Rxa7 Rxa7 41. Ra1
Rxa1+ 42. Nxa1 Nb8 43. Nb3 Qd7 44. Nd2 Kf8 45. Nf1 Be7 46. Ng3 Ke8 47. Nf5 Bf8
48. Qc6 1/2-1/2

[Event "SR 3. liga A2 2015/2016"]
[Site "?"]
[Date "2016.03.06"]
[Round "9.5"]
[White "Liptak, Dusan"]
[Black "Stanec, Stanislav"]
[Result "1-0"]
[WhiteElo "2126"]
[BlackElo "2106"]
[PlyCount "89"]
[EventDate "2016.??.??"]

1. d4 Nf6 2. c4 e6 3. Nf3 d5 4. Nc3 Be7 5. Bf4 O-O 6. e3 c6 7. c5 b6 8. b4 a5
9. a3 Nbd7 10. Bd3 Re8 11. O-O h6 12. Qc2 bxc5 13. bxc5 Ba6 14. Bxa6 Rxa6 15.
Rab1 Nh5 16. Rb7 Nxf4 17. exf4 g5 18. Ne5 Nxe5 19. fxe5 Qc8 20. Rfb1 Ra8 21.
Qe2 Bf8 22. Na4 Re7 23. R7b3 Qc7 24. f4 Bg7 25. fxg5 hxg5 26. Rf1 Rf8 27. Qh5
Bxe5 28. Qxg5+ Bg7 29. Rf6 Rb8 30. Rg3 Rb1+ 31. Kf2 Qxg3+ 32. Qxg3 Kf8 33. Rf4
e5 34. Rg4 f5 35. Rg6 exd4 36. Rxc6 Rbe1 37. Qf3 R7e5 38. Qh5 Re8 39. Rc7 R8e7
40. Rc8+ Re8 41. Rxe8+ Rxe8 42. Qxf5+ Ke7 43. Ke2 Kd8+ 44. Kd1 Rf8 45. Qxd5+
1-0

[Event "SR 3. liga A2 2015/2016"]
[Site "?"]
[Date "2016.03.06"]
[Round "9.5"]
[White "Vepy, Ivan"]
[Black "Kovacocy, Pavel"]
[Result "0-1"]
[WhiteElo "1919"]
[BlackElo "2212"]
[PlyCount "86"]
[EventDate "2016.??.??"]

1. e4 c5 2. Nf3 g6 3. Nc3 Bg7 4. Be2 Nc6 5. O-O Qa5 6. Rb1 e6 7. d3 Nge7 8. Bd2
O-O 9. Qc1 Nd4 10. Bd1 Nec6 11. Bh6 Nxf3+ 12. Bxf3 Nd4 13. Bd1 d6 14. Bxg7 Kxg7
15. f4 f5 16. Ne2 Nxe2+ 17. Bxe2 Bd7 18. Bf3 Bc6 19. a3 Rae8 20. b4 cxb4 21.
Rxb4 fxe4 22. Bxe4 Bxe4 23. Rxe4 Qb6+ 24. Kh1 Rf6 25. Rb4 Qc6 26. Qb2 Re7 27.
Rc4 Qd7 28. Kg1 Ref7 29. Re1 h5 30. Rce4 Kh7 31. g3 h4 32. f5 gxf5 33. Rxh4+
Rh6 34. Rxh6+ Kxh6 35. Qd4 e5 36. Qxa7 f4 37. Rf1 Qg4 38. Qb6 Rf6 39. Qxb7 Rg6
40. Qf3 Qh3 41. Rf2 fxg3 42. Qe3+ Kh7 43. Rf7+ Kg8 0-1

[Event "SR 3. liga A2 2015/2016"]
[Site "?"]
[Date "2016.03.06"]
[Round "9.5"]
[White "Sarmir, Milos"]
[Black "Harastova, Viera"]
[Result "1-0"]
[WhiteElo "2018"]
[BlackElo "1874"]
[PlyCount "103"]
[EventDate "2016.??.??"]

1. e4 e5 2. Nf3 Nc6 3. Bb5 a6 4. Ba4 Nf6 5. d3 Be7 6. Bxc6 dxc6 7. Nxe5 O-O 8.
O-O Bd6 9. Nf3 Re8 10. Bg5 h6 11. Bh4 Bg4 12. Nbd2 Be5 13. Qc1 g5 14. Nxe5 Rxe5
15. Bg3 Re6 16. h3 Bh5 17. f4 Nh7 18. Nc4 f6 19. Ne3 Qf8 20. fxg5 Nxg5 21. Bxc7
Qg7 22. Bh2 Nxh3+ 23. Kh1 Ng5 24. Nf5 Qh7 25. Qe1 Bg6 26. Qc3 Rf8 27. Rf4 Bxf5
28. Rxf5 Qg7 29. Raf1 Kh7 30. e5 Rg8 31. exf6 Qg6 32. f7 Rf8 33. Qb4 Rxf7 34.
Rxf7+ Nxf7 35. Qxb7 Rf6 36. Rxf6 Qxf6 37. Qb4 Qf1+ 38. Bg1 Qd1 39. Qe4+ Kg7 40.
Qd4+ Kg8 41. Qc5 Qe1 42. Qe3 Qh4+ 43. Qh3 Qf4 44. Be3 Qb4 45. c3 Qxb2 46. Qc8+
Kh7 47. Qf5+ Kg8 48. Qg6+ Kf8 49. Bc5+ Ke8 50. Qg8+ Kd7 51. Qxf7+ Kc8 52. Bd6
1-0

[Event "SR 3. liga A2 2015/2016"]
[Site "?"]
[Date "2016.03.06"]
[Round "9.5"]
[White "Kubik, Peter"]
[Black "Vagovsky, Jozef"]
[Result "1/2-1/2"]
[WhiteElo "1831"]
[BlackElo "1876"]
[PlyCount "144"]
[EventDate "2016.??.??"]

1. e4 c6 2. d4 d6 3. Nc3 Nf6 4. Nf3 Bg4 5. h3 Bh5 6. Be3 e6 7. Bd3 d5 8. e5
Nfd7 9. a3 c5 10. g4 Bg6 11. h4 Bxd3 12. Qxd3 Nc6 13. Qb5 Qc7 14. dxc5 a6 15.
Qe2 Bxc5 16. Bxc5 Nxc5 17. O-O-O Nd7 18. Rhe1 O-O 19. g5 Rab8 20. Qd3 Ndxe5 21.
Nxe5 Nxe5 22. Qg3 f6 23. gxf6 Rxf6 24. Qxe5 Rc8 25. Qxc7 Rxc7 26. Re2 Rc4 27.
Rde1 Kf7 28. h5 Rc6 29. Nd1 Rh6 30. Re5 Rc4 31. Rg1 Rf4 32. Reg5 g6 33. hxg6+
Rxg6 34. Rxg6 hxg6 35. Kd2 Kf6 36. Rh1 Kg7 37. Rh3 g5 38. Rc3 Rf7 39. Ke3 e5
40. Rc5 Rd7 41. c3 Kf6 42. f3 Ke6 43. Nf2 Rf7 44. Rc8 d4+ 45. cxd4 exd4+ 46.
Ke2 Kd5 47. Ne4 b6 48. Nxg5 Rg7 49. f4 Re7+ 50. Kd2 Re3 51. f5 Rg3 52. f6 Rg2+
53. Ke1 Rg1+ 54. Kf2 Rxg5 55. Ke2 Rf5 56. Rf8 a5 57. f7 Ke6 58. Rb8 Rxf7 59.
Rxb6+ Kd5 60. Rb5+ Kc4 61. Rxa5 d3+ 62. Ke1 Re7+ 63. Kd1 Re2 64. Ra4+ Kc5 65.
Rb4 Rg2 66. Rb8 Kc4 67. Rc8+ Kd4 68. Rb8 Ke3 69. Re8+ Kd4 70. a4 Rxb2 71. Rd8+
Ke3 72. Re8+ Kd4 1/2-1/2

[Event "SR 3. liga A2 2015/2016"]
[Site "?"]
[Date "2016.03.06"]
[Round "9.5"]
[White "Markuliak, Mario"]
[Black "Hrubsa, Marian"]
[Result "1/2-1/2"]
[WhiteElo "1869"]
[BlackElo "1810"]
[PlyCount "107"]
[EventDate "2016.??.??"]

1. e4 e6 2. d4 d5 3. exd5 exd5 4. Nf3 Bd6 5. Bd3 Ne7 6. O-O O-O 7. Bg5 f6 8.
Bh4 Bf5 9. Bg3 Bxg3 10. fxg3 c6 11. Nh4 Bxd3 12. Qxd3 Nd7 13. Nd2 Qb6 14. Rae1
Rfe8 15. Nb3 Rac8 16. Qf3 Nf8 17. Qg4 Neg6 18. Nf5 Qc7 19. h4 h5 20. Qxh5 Ne7
21. Nxg7 Kxg7 22. Rxf6 Neg6 23. Ref1 Re7 24. Qg5 Rce8 25. h5 Re1 26. hxg6 Rxf1+
27. Kxf1 Re7 28. Nc5 Qa5 29. Rf7+ Rxf7+ 30. gxf7+ Kxf7 31. Qf5+ Kg8 32. Qg5+
Kf7 33. Qf4+ Kg8 34. Qg4+ Kf7 35. Qf5+ Kg7 36. Qe5+ Kf7 37. a4 Qb6 38. Qf5+ Kg7
39. b3 Qb4 40. Qe5+ Kf7 41. Qc7+ Kg8 42. Nxb7 Qxd4 43. Qxc6 Qd1+ 44. Kf2 Qd2+
45. Kf3 Qd1+ 46. Ke3 Qg1+ 47. Kd3 Qxg2 48. Kd4 Qe4+ 49. Kc5 Qxc2+ 50. Kd6 Qg6+
51. Kxd5 Qxg3 52. Qc4 Ng6 53. Kc5+ Kh7 54. Kb4 1/2-1/2

[Event "SR 3. liga A2 2015/2016"]
[Site "?"]
[Date "2016.03.06"]
[Round "9.5"]
[White "Planka, Peter"]
[Black "Hornak, Pavol"]
[Result "1-0"]
[WhiteElo "1748"]
[BlackElo "1791"]
[PlyCount "136"]
[EventDate "2016.??.??"]

1. e4 c5 2. Nf3 a6 3. d4 cxd4 4. Nxd4 e5 5. Nf3 d6 6. Be2 Nf6 7. Nc3 Be7 8. O-O
O-O 9. Be3 Bg4 10. Qd2 Bh5 11. Ne1 Bxe2 12. Qxe2 Nbd7 13. f3 Rc8 14. Nd3 b5 15.
Nb4 a5 16. Nbd5 b4 17. Nxe7+ Qxe7 18. Na4 d5 19. exd5 Nxd5 20. Rac1 Nxe3 21.
Qxe3 Rfd8 22. c4 bxc3 23. Nxc3 Kf8 24. Rfd1 Qc5 25. Qf2 Qxf2+ 26. Kxf2 Ke8 27.
Rd2 Nf6 28. Rcd1 Rxd2+ 29. Rxd2 Rd8 30. Re2 Nd7 31. Ne4 Ke7 32. Rd2 f6 33. Nd6
g6 34. b3 Ra8 35. Nc4 Ra6 36. Rd5 a4 37. bxa4 Ke6 38. Rd2 Nc5 39. a5 e4 40. Ke3
exf3 41. Kxf3 Nb7 42. Rd3 Rc6 43. Ra3 Rxc4 44. a6 Rc8 45. axb7 Rb8 46. Ra6+ Ke7
47. Rb6 f5 48. Kf4 Kd7 49. g4 Kc7 50. Rb2 fxg4 51. Kxg4 h6 52. Kf4 Rf8+ 53. Ke5
Kb8 54. a4 Rf7 55. Ke6 Rf5 56. Rb5 Rf2 57. a5 Rxh2 58. a6 Ra2 59. Rb6 g5 60.
Kf5 Ra5+ 61. Kg4 Ra4+ 62. Kh5 Rh4+ 63. Kg6 Ra4 64. Rc6 Ka7 65. Kxh6 g4 66. Kh5
g3 67. Rc8 Rb4 68. Ra8+ Kb6 1-0

[Event "SR 3. liga A2 2015/2016"]
[Site "?"]
[Date "2016.03.06"]
[Round "9.5"]
[White "Vlkovic, Pavol"]
[Black "Zlamal, Marek"]
[Result "0-1"]
[WhiteElo "1813"]
[BlackElo "1730"]
[PlyCount "84"]
[EventDate "2016.??.??"]

1. e4 c5 2. d4 cxd4 3. c3 dxc3 4. Nxc3 e6 5. Nf3 Bb4 6. Bc4 Ne7 7. O-O Bxc3 8.
bxc3 d5 9. exd5 Nxd5 10. Qb3 Ne7 11. Rd1 Qc7 12. Ba3 Nbc6 13. Bd6 Qa5 14. Bb5
a6 15. Bd3 O-O 16. Qc2 h6 17. Nd2 Qd8 18. Nc4 b5 19. Ne3 f5 20. Ba3 Qc7 21. Be2
Bb7 22. Bd6 Qc8 23. a4 bxa4 24. Nc4 Qe8 25. Rab1 Nd8 26. Nb6 Ra7 27. Bb8 Be4
28. Bd3 Bxd3 29. Qxd3 Rb7 30. Be5 Nf7 31. Bg3 Qc6 32. Nc4 Rxb1 33. Rxb1 Rd8 34.
Qe2 Nd5 35. Be5 Nxe5 36. Nxe5 Qxc3 37. g3 a3 38. Nc4 e5 39. f4 Nb4 40. Nxe5 a2
41. Rf1 a1=Q 42. Ng6 Qc5+ 0-1

[Event "SR 3. liga A2 2015/2016"]
[Site "?"]
[Date "2016.03.06"]
[Round "9.6"]
[White "Kavon, Rastislav"]
[Black "Sosovicka, Juraj"]
[Result "1/2-1/2"]
[WhiteElo "2203"]
[BlackElo "2193"]
[PlyCount "60"]
[EventDate "2016.??.??"]

1. e4 e6 2. d4 d5 3. Nc3 dxe4 4. Nxe4 Bd7 5. Nf3 Bc6 6. Bd3 Nd7 7. O-O Ngf6 8.
Qe2 Nxe4 9. Bxe4 Bxe4 10. Qxe4 c6 11. Bd2 Be7 12. c4 O-O 13. Bc3 Bf6 14. Rad1
Qc7 15. Qe3 Rfd8 16. h3 Rac8 17. Rfe1 g6 18. Ng5 Nb6 19. b3 Bg7 20. Ne4 Qe7 21.
Nc5 Rb8 22. a4 Nd7 23. Bb4 Qh4 24. Ne4 Bf8 25. Bxf8 Kxf8 26. Qf3 Kg7 27. g3
Qxh3 28. Qxf7+ Kxf7 29. Ng5+ Kf6 30. Nxh3 e5 1/2-1/2

[Event "SR 3. liga A2 2015/2016"]
[Site "?"]
[Date "2016.03.06"]
[Round "9.6"]
[White "Danada, Tomas"]
[Black "Bango, Lukas"]
[Result "1/2-1/2"]
[WhiteElo "2194"]
[BlackElo "2031"]
[PlyCount "36"]
[EventDate "2016.??.??"]

1. g3 e5 2. Nf3 d6 3. d4 e4 4. Ng5 f5 5. c4 Be7 6. h4 h6 7. Nh3 Be6 8. Nf4 Bf7
9. Nc3 Nf6 10. h5 Qd7 11. e3 Nh7 12. b4 Nc6 13. b5 Na5 14. Ncd5 Bd8 15. Qa4 c6
16. Nc3 Ng5 17. Be2 cxb5 18. Nxb5 O-O 1/2-1/2

[Event "SR 3. liga A2 2015/2016"]
[Site "?"]
[Date "2016.03.06"]
[Round "9.6"]
[White "Lopatievov, Alexander"]
[Black "Veselsky, Jozef"]
[Result "0-1"]
[WhiteElo "1867"]
[BlackElo "2113"]
[PlyCount "120"]
[EventDate "2016.??.??"]

1. b4 Nf6 2. Bb2 g6 3. e3 Bg7 4. Nf3 O-O 5. Be2 d6 6. c4 c5 7. b5 a6 8. a4 axb5
9. axb5 Rxa1 10. Bxa1 Nbd7 11. Nc3 Nb6 12. e4 e6 13. d4 cxd4 14. Nxd4 d5 15.
exd5 exd5 16. c5 Nbd7 17. c6 Ne5 18. O-O Qc7 19. Qa4 Neg4 20. g3 Ne5 21. Nf3
bxc6 22. Nxe5 Qxe5 23. Rd1 cxb5 24. Qxb5 Bd7 25. Qd3 Bc6 26. Bf3 Ra8 27. Nxd5
Rxa1 28. Ne7+ Qxe7 29. Rxa1 Bxf3 30. Qxf3 h5 31. Ra8+ Kh7 32. Qe3 Qb4 33. Ra7
Ng4 34. Qe7 Qb1+ 35. Kg2 Ne5 36. Qb7 Qc2 37. h3 Bf8 38. Qd5 Bg7 39. Ra2 Qc7 40.
Ra4 Qc3 41. Ra7 Qe1 42. Rb7 Qe2 43. Ra7 Qc2 44. Re7 Qf5 45. Ra7 Qc2 46. Re7 Qc3
47. Ra7 Kh6 48. Ra2 Kh7 49. Ra7 Bf6 50. Rb7 Kh6 51. Ra7 Qc1 52. Ra2 Kg7 53. Ra7
h4 54. g4 Qf4 55. Ra3 Be7 56. Re3 Bf6 57. Re4 Qf3+ 58. Kg1 Nd3 59. g5 Qxf2+ 60.
Kh1 Qf3+ 0-1